|
|
|
|
| LEADER |
00000nam a2200000 4500 |
| 001 |
vtls012286663 |
| 003 |
SK-MaSNL |
| 005 |
20260301110439.0 |
| 008 |
251105s1817 xo f 000 0 lat |
| 015 |
|
|
|a SNBHFA
|
| 040 |
|
|
|a SNKHF
|b slo
|c SNKHF
|e rda
|
| 041 |
1 |
|
|a lat
|
| 044 |
|
|
|a xo
|c SK
|
| 072 |
|
7 |
|a 32
|x Politika
|2 konspekt
|
| 080 |
|
|
|a 32
|2 2011
|
| 080 |
|
|
|a 5
|2 2011
|
| 100 |
1 |
|
|a Szapáry, Jozef,
|d 1754-1822
|4 aut
|9 374423
|
| 245 |
1 |
0 |
|a Tentamen Publicum Ex Scientiis Politico-Cameralibus, In Regia Academia Posoniensi Mense Martio MDCCCXVII
|c Quod Auctoritate Et Consensu Excellentissimi Ac Illustrissimi Domini Iosephi e Comitibus Szápáry De Eadem, Perpetui in Muraj-Szombath et Szécsi-Szigeth, Insignis Ordinis S. Stephani Regis Apostolici Commendatoris, S. C. et R. A. Majestatis Camerarii, et Actualis Intimi Status Consiliarii, Inclyti Comitatus Mosoniensis Supremi Comitis, nec non Superioris Regii per Districtum literarium Posoniensem Scholarum et Studiorum Directoris
|
| 264 |
|
3 |
|a Posonii
|b Typis Viduae er Haeredum Belnayanorum
|c MDCCCXVII (1817)
|
| 300 |
|
|
|a 15 strán
|c 8°
|c 19 x 11 cm
|
| 336 |
|
|
|a text
|b txt
|2 rdacontent
|
| 337 |
|
|
|a bez média
|b n
|2 rdamedia
|
| 338 |
|
|
|a zväzok
|b nc
|2 rdacarrier
|
| 500 |
|
|
|a Vinety, vlysy, iniciálky
|
| 504 |
|
|
|a Kustody
|
| 546 |
|
|
|a Latinčina
|b Kurzíva
|
| 561 |
|
|
|a Proveniencia: pečiatka Dr. E. Kadarász - ver. not. poz. Margity Zayovej Čís. 13603.
|5 SNK SD 93839
|
| 561 |
|
|
|a Proveniencia: pečiatka Dr. E. Kadarász - ver. not. poz. Margity Zayovej Čís. 13621.
|5 SNK SD 93839 D1
|
| 561 |
|
|
|a Proveniencia: pečiatka Dr. E. Kadarász - ver. not. poz. Margity Zayovej Čís. 13627.
|5 SNK SD 93839 D2
|
| 561 |
|
|
|a Proveniencia: pečiatka Dr. E. Kadarász - ver. not. poz. Margity Zayovej Čís. 13628.
|5 SNK SD 93839 D3
|
| 561 |
|
|
|a Proveniencia: pečiatka Dr. E. Kadarász - ver. not. poz. Margity Zayovej Čís. 13629.
|5 SNK SD 93839 D4
|
| 563 |
|
|
|a Väzba: papierová.
|5 SNK SD 93839
|
| 563 |
|
|
|a Väzba: papierová.
|5 SNK SD 93839 D1
|
| 563 |
|
|
|a Väzba: bez väzby.
|5 SNK SD 93839 D2
|
| 563 |
|
|
|a Väzba: bez väzby.
|5 SNK SD 93839 D3
|
| 563 |
|
|
|a Väzba: bez väzby.
|5 SNK SD 93839 D4
|
| 650 |
0 |
7 |
|a politika
|2 SNKPH
|9 968
|
| 650 |
0 |
7 |
|a prírodné vedy
|2 SNKPH
|9 694
|
| 700 |
1 |
|
|a Zaiová, Margita,
|d 1868-1937
|4 fmo
|5 SNK SD 93839
|9 186369
|
| 700 |
1 |
|
|a Kadarász, Ernest
|4 oth
|9 302455
|
| 700 |
1 |
|
|a Gyurian, Štefan
|4 oth
|9 374424
|
| 700 |
1 |
|
|a Zai, Karol,
|d 1797-1871
|4 oth
|9 177743
|
| 700 |
1 |
|
|a Bučánsky, Juraj,
|d 1753-1812
|4 oth
|9 249888
|
| 700 |
1 |
|
|a Rukoszlav, Georg
|4 oth
|9 374433
|
| 700 |
1 |
|
|a Fehér, József
|4 oth
|9 350635
|
| 700 |
1 |
|
|a Petrovič, Ján
|4 oth
|9 5311
|
| 700 |
1 |
|
|a Szalay, Károly
|4 oth
|9 280366
|
| 700 |
1 |
|
|a Pettko, Ludovicus
|4 oth
|9 448490
|
| 700 |
1 |
|
|a Bartakovits, Augustus
|4 oth
|9 448491
|
| 700 |
1 |
|
|a Popovič, Konstantin
|4 oth
|9 374432
|
| 700 |
1 |
|
|a Kábdebo, Franciscus
|4 oth
|9 374425
|
| 700 |
1 |
|
|a Nagy, Andreas
|4 oth
|9 374437
|
| 700 |
1 |
|
|a Karácsonyi, Antonius de Hodoss
|4 oth
|9 448492
|
| 700 |
1 |
|
|a Jeszenák, Joannes de Királysia
|4 oth
|9 374426
|
| 700 |
1 |
|
|a Svastics, Ludovicus de Bocsár
|4 oth
|9 374441
|
| 700 |
1 |
|
|a Kiss, Paulus de Nemes-Kér
|4 oth
|9 374428
|
| 700 |
1 |
|
|a Szavics, Sebastianus
|4 oth
|9 448493
|
| 700 |
1 |
|
|a Bezerédy, Vincentius
|4 oth
|9 374427
|
| 710 |
2 |
|
|a Belnai, Juraj Alojz - vdova a dedičia
|4 prt
|9 219575
|
| 752 |
|
|
|a Slovensko
|d Bratislava
|
| 852 |
|
|
|a snk
|b Zaiova knižnica
|p SD 93839
|
| 852 |
|
|
|a snk
|b Zaiova knižnica
|p SD 93839 D1
|
| 852 |
|
|
|a snk
|b Zaiova knižnica
|p SD 93839 D2
|
| 852 |
|
|
|a snk
|b Zaiova knižnica
|p SD 93839 D3
|
| 852 |
|
|
|a snk
|b Zaiova knižnica
|p SD 93839 D4
|
| 958 |
|
|
|a DF
|
| 958 |
|
|
|a ONDV
|
| 999 |
|
|
|c 703190
|d 705120
|
| 952 |
|
|
|t Zay 12541; Z 14625
|a SNK
|b SNK
|c SNK_HF
|y PREZ
|7 0
|p 17A1568878
|o snkSD 93839
|i snk2025/17718
|8 5
|0 0
|1 0
|4 0
|d 2025-11-05
|l 0
|r 2026-02-23 21:05:27
|w 2026-02-23
|
| 952 |
|
|
|t Zay 12556; Z 14643
|a SNK
|b SNK
|c SNK_HF
|y PREZ
|7 0
|p 17A1568889
|o snkSD 93839 D1
|i snk2025/17719
|8 5
|0 0
|1 0
|4 0
|d 2025-11-05
|l 0
|r 2026-02-23 21:05:27
|w 2026-02-23
|
| 952 |
|
|
|t Zay 12565; Z 14649
|a SNK
|b SNK
|c SNK_HF
|y PREZ
|7 0
|p 17A1568681
|o snkSD 93839 D2
|i snk2025/17722
|8 5
|0 0
|1 0
|4 0
|d 2025-11-05
|l 0
|r 2026-02-23 21:05:27
|w 2026-02-23
|
| 952 |
|
|
|t Zay 12566; Z 14560
|a SNK
|b SNK
|c SNK_HF
|y PREZ
|7 0
|p 17A1568682
|o snkSD 93839 D3
|i snk2025/17724
|8 5
|0 0
|1 0
|4 0
|d 2025-11-05
|l 0
|r 2026-02-23 21:05:27
|w 2026-02-23
|
| 952 |
|
|
|t Zay 12567; Z 14651
|a SNK
|b SNK
|c SNK_HF
|y PREZ
|7 0
|p 17A1568684
|o snkSD 93839 D4
|i snk2025/17725
|8 5
|0 0
|1 0
|4 0
|d 2025-11-05
|l 0
|r 2026-02-23 21:05:27
|w 2026-02-23
|